Introduction to mathematical programming : quantitative tools for decision making /

Bibliographic Details
Main Author: Lev, Benjamin
Other Authors: Weiss, Howard J.
Format: Book
Language:English
Published: New York, N.Y. : North Holland, [1982]
Subjects:

MARC

Tag First Indicator Second Indicator Subfields
LEADER 00000cam a22000008a 4500
001 in00000080658
005 20151008054034.0
008 810610s1982 nyua b 00110 eng
010 |a  81009691  
020 |a 0444005919 
035 |a (OCoLC)07577740 
035 |9 AAH9434AM 
039 0 |a 2  |b 3  |c 3  |d 3  |e 3 
040 |a DLC  |c DLC  |d TXA  |d UtOrBLW 
049 |a TXAM  |c [1654748] 
050 0 0 |a QA402.3  |b .L485 
082 0 |a 519.7  |2 19 
100 1 |a Lev, Benjamin. 
245 1 0 |a Introduction to mathematical programming :  |b quantitative tools for decision making /  |c Benjamin Lev, Howard J. Weiss. 
263 |a 8111 
264 1 |a New York, N.Y. :  |b North Holland,  |c [1982] 
264 4 |c ©1982 
300 |a xii, 289 pages :  |b illustrations ;  |c 24 cm. 
336 |a text  |b txt  |2 rdacontent 
337 |a unmediated  |b n  |2 rdamedia 
338 |a volume  |b nc  |2 rdacarrier 
504 |a Includes bibliographies and index. 
650 0 |a Programming (Mathematics) 
650 0 |a Problem solving. 
700 1 |a Weiss, Howard J. 
999 |a MARS 
999 f f |s 1ca9215f-b0ea-3e59-8fb9-403acfab093e  |i c6d70607-4604-3779-a60b-af77ce2937c3  |t 0 
952 f f |p normal  |a Texas A&M University  |b College Station  |c Sterling C. Evans Library  |d Evans: Library Stacks  |t 0  |e QA402.3 .L485  |h Library of Congress classification  |i unmediated -- volume  |m A14806205469 
998 f f |a QA402.3 .L485  |t 0  |l Evans: Library Stacks